| 000 | 01207nac a2200325 a 4500 | ||
|---|---|---|---|
| 003 | CO-PeBPM | ||
| 005 | 20260409214321.0 | ||
| 007 | ta | ||
| 008 | 260409s2008 ck a|||| |||| 00| 0 spa d | ||
| 020 | _a9789584431363 | ||
| 040 |
_aCO-PeBPM _bspa _cCO-PeBPM _erda |
||
| 041 | _aspa | ||
| 082 | 0 | 4 |
_aCo861 C657p _222 |
| 100 | 1 |
_aCobo Borda, Juan Gustavo _eautor |
|
| 245 | 1 | 0 |
_aPoemas ilustrados _c/ Juan Gustavo Cobo Borda; ilustraciones Ana Patricia Palacios; prefacio Álvaro Mutis |
| 264 |
_aMedellín _b: Tragaluz Editores _c, 2008 |
||
| 300 |
_a70 páginas _c17 cm. |
||
| 336 |
_2rdacontent _atexto _btxt |
||
| 337 |
_2rdamedia _asin mediación _bn |
||
| 338 |
_2rdacarrier _avolumen _bnc |
||
| 490 | _aPoemas ilustrados | ||
| 500 | _aIncluye índice | ||
| 586 | _aColección galardonada con el premio Lápiz de Acero, X versión, categoría editorial, área gráfica, Bogotá 2007 | ||
| 650 | 1 | 7 |
_aLiteratura colombiana _2LEMB |
| 650 | 1 | 7 |
_aPoesías colombianas _2LEMB |
| 700 | 1 |
_aPalacios, Ana Patricia _eilustraciones |
|
| 700 | 1 |
_aMutis, Álvaro _ePrefacio |
|
| 942 |
_2ddc _n0 _cLIT |
||
| 999 |
_c107316 _d107316 |
||